=LDR 00000nam 2200000 4500 =001 INLIS000000000031065 =005 20221011095228 =035 ##$$a 0010-061300000031065 =008 221011################g##########0#ind## =041 ##$$a ind =082 ##$$a R.004.03 =090 ##$$a R.004.03, Kam k =245 ##$$a Kamus lengkap dunia komputer =260 ##$$a Yogyakarta :$b Andi,$c 2005 =300 ##$$a vi,525 hlm, : $b ilus. ; $c 23 x 15 cm. =650 #4$$a kOMPUTER- KAMUS =850 ##$$a NBPNMAT =020 ##$$a 979-731-844-3 =084 ##$$a R.004.03 KAM k =504 ##$$a Bibliografi =990 ##$$a 20902386 =990 ##$$a 10607986 =990 ##$$a 10607989 =990 ##$$a 10607987 =990 ##$$a 20902385